000 00955nam a22003377a 4500
001 BR9903722
003 BR-BrBNA
005 20230928100416.0
007 ta
008 230509b bl.||||| |||| 00| 0 por d
040 _aBR-BrBNA
_bpor
_cBiblioteca Nacional de Agricultura
041 _a(Por)
072 _aL01; N10
_b7100
_b9340
_b4430
090 _ 7100 BR9903722
110 1 _aFederacao Parnaense de Apicultores, Curitiba, PR (Brasil)
245 1 _aManual de boas praticas de fabricacao para o processamento e beneficiamento de produtos apicolas
260 3 _aCuritba, PR (Brasil):
_c[nd].
300 _a17 p.
500 _a11 ref.
650 _aAbelha
650 _aMel
650 _aApicultura
650 _aInstalacao Agricola
650 _aCriacao
650 _aControle de Qualidade
650 _aControle Integrado
650 _aPraga de Animal
650 _aParana
909 _a202309
_bLucia
_c55
_dLucia Elande
942 _cBK
999 _c61219
_d61219